000
00241nam a2200097Ia 4500
005
20250424112926.0
008
250424s9999 xx 000 0 und d
300
_a
78 p. : ill. (some col.) ; 27 cm.
650
_a
Islam--Periodicals
942
_c
SR
999
_c
37917
_d
37917